[Event "Valencia Region-ch Preferente"]
[Site "Valencia"]
[Date "2016.10.08"]
[Round "2"]
[White "Tortosa Fito, Sergio"]
[Black "Perales Arona, Joaquin"]
[Result "1/2-1/2"]
[WhiteElo "1916"]
[BlackElo "1781"]
[PlyCount "85"]
[EventDate "2016.10.01"]
[EventType "swiss"]
[EventRounds "7"]
[EventCountry "ESP"]
[SourceTitle "EXT 2024"]
[Source "ChessBase"]
[SourceDate "2023.10.10"]
[SourceVersion "1"]
[SourceVersionDate "2023.10.10"]
[SourceQuality "1"]

1. e4 e6 2. d4 d5 3. Nd2 Nf6 4. e5 Nfd7 5. Bd3 c5 6. c3 Nc6 7. Ne2 cxd4 8. cxd4 f6 9. exf6 Nxf6 10. Nf3 Bd6 11. 0-0 Qc7 12. a3 0-0 13. Qc2 h6 14. g3 Bd7 15. Bf4 Bxf4 16. Nxf4 Rac8 17. Ng6 Rf7 18. Qe2 Qb6 19. Rad1 Ng4 20. Bb1 Re8 21. Nfe5 Ncxe5 22. Nxe5 Nxe5 23. Qxe5 Qxb2 24. Bg6 Ref8 25. Bxf7+ Rxf7 26. Qe3 Qb6 27. f4 Bb5 28. Rfe1 Rf6 29. Qc3 Bc6 30. Re5 Qc7 31. Qc5 a6 32. Rde1 Qd7 33. Qb6 Qd6 34. Qb4 Qd7 35. Qd2 Qd6 36. Qe3 Kf7 37. Rf1 Bb5 38. Rf2 Kg8 39. Qc3 Bc6 40. Qb4 Qd7 41. Qc5 Kh8 42. Qc2 Kg8 43. f5 1/2-1/2

[Event "Mislata op-A 23rd"]
[Site "Mislata"]
[Date "2015.08.11"]
[Round "3"]
[White "Serna Lara, Sergio"]
[Black "Tortosa Fito, Sergio"]
[Result "1-0"]
[WhiteElo "2205"]
[BlackElo "1907"]
[PlyCount "49"]
[EventDate "2015.08.10"]
[EventType "swiss"]
[EventRounds "9"]
[EventCountry "ESP"]
[SourceTitle "EXT 2016"]
[Source "ChessBase"]
[SourceDate "2015.10.08"]
[SourceVersion "1"]
[SourceVersionDate "2015.10.08"]
[SourceQuality "1"]

1. d4 Nf6 2. c4 e6 3. Nf3 Bb4+ 4. Nbd2 c5 5. e3 cxd4 6. exd4 0-0 7. Bd3 d5 8. 0-0 b6 9. a3 Bd6 10. b3 Bb7 11. Re1 Nc6 12. Bb2 Rc8 13. Qe2 Bf4 14. Rad1 Na5 15. c5 Bxd2 16. Nxd2 Nc6 17. b4 Rc7 18. b5 Ne7 19. c6 Bc8 20. Nf3 Qd6 21. Qe5 Ne8 22. Bc1 Ng6 23. Qg3 Qe7 24. Bxg6 hxg6 25. Bf4 1-0

[Event "Provincial-ch Valencia"]
[Site "Valencia"]
[Date "2013.11.16"]
[Round "6"]
[White "Guillem Mora, Carlos"]
[Black "Tortosa Fito, Sergio"]
[Result "1-0"]
[WhiteElo "1904"]
[BlackElo "1946"]
[PlyCount "61"]
[EventDate "2013.10.05"]
[EventType "swiss"]
[EventRounds "7"]
[EventCountry "ESP"]
[SourceTitle "EXT 2024"]
[Source "ChessBase"]
[SourceDate "2023.10.10"]
[SourceVersion "1"]
[SourceVersionDate "2023.10.10"]
[SourceQuality "1"]

1. d4 Nf6 2. Nf3 g6 3. Bf4 Bg7 4. e3 d6 5. h3 c6 6. Be2 Qb6 7. Qc1 Nd5 8. Bg3 c5 9. c3 cxd4 10. exd4 h5 11. Nbd2 Bh6 12. 0-0 Nc6 13. Re1 0-0 14. Bc4 Nf4 15. d5 Na5 16. b4 Nxc4 17. Nxc4 Nxh3+ 18. gxh3 Bxc1 19. Nxb6 Bb2 20. Nxa8 Bxa1 21. Rxa1 Bxh3 22. Nc7 Rc8 23. Nb5 a6 24. Nbd4 Rxc3 25. Bf4 Rc4 26. a3 Rc3 27. Ng5 Bg4 28. Rc1 Rxa3 29. Rc7 Ra4 30. Rxe7 Rxb4 31. Bxd6 1-0

[Event "Mislata op-B 20th"]
[Site "Mislata"]
[Date "2012.08.14"]
[Round "2"]
[White "Leon Colan, Carlos Edmundo"]
[Black "Tortosa Fito, Sergio"]
[Result "1/2-1/2"]
[WhiteElo "2021"]
[BlackElo "1961"]
[PlyCount "47"]
[EventDate "2012.08.13"]
[EventType "swiss"]
[EventRounds "9"]
[EventCountry "ESP"]
[SourceTitle "EXT 2013"]
[Source "ChessBase"]
[SourceDate "2012.11.22"]
[SourceVersion "1"]
[SourceVersionDate "2012.11.22"]
[SourceQuality "1"]

1. d4 Nf6 2. Nf3 d5 3. e3 e6 4. Bd3 Be7 5. 0-0 0-0 6. Nbd2 c5 7. c3 Nc6 8. Re1 cxd4 9. exd4 Qc7 10. Nf1 h6 11. Bd2 Re8 12. Rc1 Bd6 13. c4 dxc4 14. Rxc4 b5 15. Rc1 Qb6 16. Be3 Nd5 17. Bb1 Bb7 18. a3 Nxe3 19. fxe3 e5 20. Qd2 Rad8 21. Kh1 Na5 22. Ba2 b4 23. Qf2 b3 24. Bb1 1/2-1/2

[Event "Mislata op 12th"]
[Site "Mislata"]
[Date "2004.08.22"]
[Round "4"]
[White "Garcia Roman, Daniel"]
[Black "Tortosa Fito, Sergio"]
[Result "1-0"]
[WhiteElo "2353"]
[BlackElo "2053"]
[PlyCount "53"]
[EventDate "2004.08.19"]
[EventType "swiss"]
[EventRounds "9"]
[EventCountry "ESP"]
[SourceTitle "EXT 2005"]
[Source "ChessBase"]
[SourceDate "2004.11.15"]
[SourceVersion "1"]
[SourceVersionDate "2004.11.15"]
[SourceQuality "1"]

1. d4 Nf6 2. c4 g6 3. Nc3 Bg7 4. e4 d6 5. f3 0-0 6. Be3 Nbd7 7. Qd2 c5 8. Nge2 cxd4 9. Nxd4 Ne5 10. Be2 Bd7 11. 0-0 Rc8 12. b3 a6 13. Rac1 e6 14. Rfd1 Qc7 15. Nc2 d5 16. exd5 exd5 17. Nxd5 Nxd5 18. Qxd5 Bc6 19. Qd6 Qd8 20. Qxd8 Rcxd8 21. Nb4 Rxd1+ 22. Rxd1 Re8 23. Kf2 Bd7 24. Nd5 Bf5 25. Bg5 Nd7 26. Ne7+ Kf8 27. Nxf5 1-0

[Event "Cullera op-A 25th"]
[Site "Cullera"]
[Date "2004.07.25"]
[Round "5"]
[White "Tortosa Fito, Sergio"]
[Black "Benitez, Francisco Emilio"]
[Result "1-0"]
[WhiteElo "2053"]
[BlackElo "1887"]
[PlyCount "73"]
[EventDate "2004.07.??"]
[EventType "swiss"]
[EventRounds "9"]
[EventCountry "ESP"]
[SourceTitle "CBM 101 Extra"]
[Source "ChessBase"]
[SourceDate "2004.09.01"]
[SourceVersion "2"]
[SourceVersionDate "2004.09.01"]
[SourceQuality "1"]

1. e4 e5 2. Nf3 f5 3. Nxe5 Qf6 4. d4 d6 5. Nc4 fxe4 6. Nc3 c6 7. d5 Bf5 8. Be3 Be7 9. dxc6 Nxc6 10. Nd5 Qg6 11. Nc7+ Kd7 12. Nxa8 Nf6 13. Nab6+ axb6 14. Nxb6+ Ke8 15. h3 Kf7 16. Bc4+ Be6 17. Bxe6+ Kxe6 18. Rg1 Rd8 19. c3 Ne5 20. Qb3+ d5 21. 0-0-0 Nd3+ 22. Kb1 Bc5 23. Rxd3 exd3 24. Bxc5 d2+ 25. Qc2 Ne4 26. Be3 Qe8 27. f3 Nd6 28. Qxd2 Qb5 29. Rd1 Nc4 30. Nxc4 Qxc4 31. Qd3 Qc6 32. Qd4 Kf7 33. Qb6 Qd7 34. c4 Qf5+ 35. Ka1 Rd7 36. cxd5 Rxd5 37. Qxb7+ 1-0

[Event "VLC CS-chT Preferente"]
[Site "Spain"]
[Date "2003.??.??"]
[Round "?"]
[White "Mezquita Broch, Pascual"]
[Black "Tortosa Fito, Sergio"]
[Result "0-1"]
[WhiteElo "2095"]
[BlackElo "2056"]
[PlyCount "48"]
[EventDate "2003.??.??"]
[EventType "team-tourn"]
[EventRounds "11"]
[EventCountry "ESP"]
[SourceTitle "EXT 2007"]
[Source "ChessBase"]
[SourceDate "2006.11.23"]
[SourceVersion "1"]
[SourceVersionDate "2006.11.23"]
[SourceQuality "1"]

1. e4 c5 2. Nf3 e6 3. d4 cxd4 4. Nxd4 Nf6 5. Nc3 Nc6 6. a3 d6 7. Bb5 Bd7 8. 0-0 Be7 9. Be3 0-0 10. Nxc6 Bxc6 11. Bxc6 bxc6 12. Qe2 Qb8 13. Rab1 d5 14. exd5 cxd5 15. Bd4 Qf4 16. Be5 Qg4 17. Qxg4 Nxg4 18. Bg3 Rac8 19. h3 Nf6 20. Be5 Nd7 21. Bd4 a6 22. Rfe1 Bd6 23. f3 Rc4 24. Rbd1 Rxd4 0-1

[Event "VLC CS-chT Preferente"]
[Site "Spain"]
[Date "2003.??.??"]
[Round "?"]
[White "Tortosa Fito, Sergio"]
[Black "Garcia Martinez, Cesar Manuel"]
[Result "1-0"]
[WhiteElo "2056"]
[BlackElo "2064"]
[PlyCount "59"]
[EventDate "2003.??.??"]
[EventType "team-tourn"]
[EventRounds "11"]
[EventCountry "ESP"]
[SourceTitle "EXT 2007"]
[Source "ChessBase"]
[SourceDate "2006.11.23"]
[SourceVersion "1"]
[SourceVersionDate "2006.11.23"]
[SourceQuality "1"]

1. e4 e5 2. Nf3 Nf6 3. d4 Nxe4 4. Bd3 d5 5. Nxe5 Nd7 6. Nxd7 Bxd7 7. Qe2 Qe7 8. 0-0 0-0-0 9. a4 Nd6 10. Nc3 Qxe2 11. Bxe2 Bc6 12. b4 Ne4 13. Nxe4 dxe4 14. b5 Be8 15. c3 Kb8 16. Be3 Be7 17. Rfb1 f5 18. a5 g5 19. b6 cxb6 20. axb6 a6 21. Ra5 f4 22. Bd2 Bc6 23. Re5 Bf6 24. Rf5 Rd6 25. Bc1 Bd7 26. Ba3 Rc6 27. Rd5 Be6 28. Rd6 Bc8 29. Rxc6 bxc6 30. b7 1-0

[Event "Mislata op 10th"]
[Site "Mislata"]
[Date "2001.08.23"]
[Round "4.11"]
[White "Coret Frasquet, Jose"]
[Black "Tortosa Fito, Sergio"]
[Result "1-0"]
[WhiteElo "2282"]
[BlackElo "2128"]
[PlyCount "83"]
[EventDate "2001.08.20"]
[EventType "swiss"]
[EventRounds "9"]
[EventCountry "ESP"]
[SourceTitle "EXT 2002"]
[Source "ChessBase"]
[SourceDate "2001.11.25"]
[SourceVersion "1"]
[SourceVersionDate "2001.11.25"]
[SourceQuality "1"]

1. e4 d6 2. d4 Nd7 3. c4 Ngf6 4. Nc3 g6 5. f3 c5 6. d5 Bg7 7. Nh3 Ne5 8. Nf2 0-0 9. Be2 a6 10. a4 b6 11. 0-0 Ne8 12. f4 Nd7 13. Ra3 Ndf6 14. Nd3 Rb8 15. Qe1 Nc7 16. e5 Nd7 17. Qg3 Bb7 18. Ne4 Re8 19. Bf3 Nf8 20. b3 b5 21. Ra2 Bc8 22. Qh4 bxc4 23. bxc4 Rb3 24. Rd2 Na8 25. Bd1 Rb8 26. a5 Bf5 27. Nef2 Qxa5 28. g4 Bxd3 29. Nxd3 Rb1 30. Qf2 Qc3 31. f5 Qd4 32. Qxd4 cxd4 33. exd6 exd6 34. fxg6 Nxg6 35. Ra2 Ne5 36. Bc2 Rb6 37. Nxe5 Bxe5 38. Bh6 f6 39. h4 Nc7 40. g5 Kf7 41. Bxh7 Rh8 42. g6+ 1-0